Traffic Engineering (Record no. 547351)
[ view plain ]
| 000 -LEADER | |
|---|---|
| fixed length control field | 00568nam a22002057a 4500 |
| 020 ## - INTERNATIONAL STANDARD BOOK NUMBER | |
| International Standard Book Number | 013191877 |
| 082 ## - DEWEY DECIMAL CLASSIFICATION NUMBER | |
| Classification number | 625.7 |
| Author Mark | ROE |
| -- | N-4 P-231 |
| 100 ## - MAIN ENTRY--PERSONAL NAME | |
| Personal name | Roess, Roger P. |
| 9 (RLIN) | 18349 |
| 245 ## - TITLE STATEMENT | |
| Title | Traffic Engineering |
| 250 ## - EDITION STATEMENT | |
| Edition statement | 3rd |
| 260 ## - PUBLICATION, DISTRIBUTION, ETC. | |
| Place of publication, distribution, etc. | United Satate of America |
| Date of publication, distribution, etc. | 2004 |
| 300 ## - PHYSICAL DESCRIPTION | |
| Extent | xiii, 777 |
| Other physical details | ill, |
| Dimensions | 52cm |
| 526 ## - STUDY PROGRAM INFORMATION NOTE | |
| Program name | 0 |
| Interest level | 0 |
| Reading level | 0 |
| Title point value | 625_700000000000000_ROE |
| 526 ## - STUDY PROGRAM INFORMATION NOTE | |
| Program name | 0 |
| Interest level | 0 |
| Reading level | 0 |
| Title point value | 625_700000000000000_ROE |
| 650 ## - SUBJECT ADDED ENTRY--TOPICAL TERM | |
| Topical term or geographic name entry element | NUST |
| 9 (RLIN) | 6342 |
| 650 ## - SUBJECT ADDED ENTRY--TOPICAL TERM | |
| Topical term or geographic name entry element | Traffic Engineering |
| 700 ## - ADDED ENTRY--PERSONAL NAME | |
| Personal name | Elena S. Prassas |
| 9 (RLIN) | 43558 |
| 700 ## - ADDED ENTRY--PERSONAL NAME | |
| Personal name | William R. McShane |
| 9 (RLIN) | 43559 |
| 942 ## - ADDED ENTRY ELEMENTS (KOHA) | |
| Source of classification or shelving scheme | |
| Koha item type | Book |
| Withdrawn status | Lost status | Source of classification or shelving scheme | Damaged status | Not for loan | Permanent Location | Current Location | Date acquired | Total Checkouts | Total Renewals | Full call number | Barcode | Date last seen | Date last checked out | Price effective from | Koha item type |
|---|---|---|---|---|---|---|---|---|---|---|---|---|---|---|---|
| Military College of Engineering (MCE) | Military College of Engineering (MCE) | 07/11/2014 | 6 | 1 | 625.7 ROE | MCE-45938 | 01/30/2020 | 10/08/2019 | 07/11/2014 | Book | |||||
| Military College of Engineering (MCE) | Military College of Engineering (MCE) | 07/14/2014 | 9 | 3 | 625.7 ROE | MCE-45937 | 01/16/2020 | 11/12/2019 | 07/14/2014 | Book |
